| 000 | 00000nas 2200000za 4500 |
| 001 | 9.842303 |
| 003 | CaOODSP |
| 005 | 20221107152309 |
| 007 | cr ||||||||||| |
| 008 | 170823d19881997oncar p oss f0###a0eng|d |
| 022 | |y0838-4223 |
| 040 | |aCaOODSP|beng |
| 043 | |an-cn--- |
| 086 | 1 |aCS11-204E-PDF |
| 110 | 1 |aCanada.|bStatistics Canada. |bLibrary Services Division. |
| 245 | 10|aStatistics Canada catalogue |h[electronic resource]. |
| 260 | |aOttawa : |bStatistics Canada, Library Services Division, |c1988-1997. |
| 310 | |aAnnual |
| 362 | 0 |a1987/1988-1997. |
| 500 | |aDigitized edition from print [produced by Statistics Canada]. |
| 500 | |a"The Statistics Canada Library produces the Statistics Canada Catalogue." |
| 515 | |aIssues for 1991, 1995-1996 not published. |
| 525 | |aSupplements published for 1994 and 1995. |
| 550 | |aIssue for 1997 published by Library and Information Centre. |
| 692 | 07|2gccst|aStatistics |
| 692 | 07|2gccst|aPublishing |
| 710 | 2 |aStatistics Canada.|bLibrary and Information Centre. |
| 775 | 08|tCatalogue de Statistique Canada |w(CaOODSP)9.842309 |
| 780 | 00|tCurrent publications index |w(CaOODSP)9.842302 |